01186nam a2200277 i 4500003000900000005001700009007000300026008004100029040003000070082001600100100004600116245020900162246008700371264005800458300003000516336002700546337003400573338002800607490001700635500006300652590002700715910001400742942001300756952012200769999001700891DO-SdBNP20230810115128.0ta110627s1991 dr 000 0 spa d aDO-SdBNPbspacBNPHUerda axxxxbP438c aPérez Martínez, Ramón958433d1948-10aCharla pronunciada por el administrador general de la Corporación Dominicana de Electricidad en la Biblioteca República Dominicana, Ing. Ramón Pérez Martínez /andos :cRamón Pérez Martínez aNotas al vuelo de una charla sobre las condiciones básicas de los triunfadores / 1aSanto Domingo :bOff-set impresora Capellán,c1991. a20 [10] páginasc21 cm. 2rdacontentatextobtxt 2rdamediaasin mediación bn 2rdacarrieravolumenbnc1 aOpusculo RPM aIncluye datos biográficos del autor en la contraportada. aInventariado, 2023/ YL aYLockward 2ddccLF2 00102ddc51708DS-FaBNPHUbBNPHUcCTd2023-08-10eSin Sellol0oxxxx P438cp2023-5298r2023-08-10w2023-08-10yLF2 c54376d54376